Política para corregidores, y señores de vasallos, en tiempo de paz y de guerra, y para juezes eclesiasticos y seglares y de sacas, aduanas, y de residencias, y sus oficiales: y para regidores, y abogados, y del valor de los corregimientos, y goviernos realengos, y de las ordenes
Kaydedildi:
| Yazar: | |
|---|---|
| Materyal Türü: | Kitap |
| Dil: | İspanyolca |
| Baskı/Yayın Bilgisi: |
Madrid
Instituto de Estudios de Administración Local
1978
|
| Konular: | |
| Etiketler: |
Etiketle
Etiket eklenmemiş, İlk siz ekleyin!
|
MARC
| LEADER | 00000nam a2200000 a 4500 | ||
|---|---|---|---|
| 001 | UCR3214 | ||
| 003 | CL-VaPUC | ||
| 008 | 980124e19780000SP |||||||||||||||||spa|d | ||
| 082 | 0 | 4 | |a 342.068 |b CAS |2 21 |
| 100 | 0 | |a Castillo de Bovadilla, Jerónimo |e author |9 402090 | |
| 245 | 1 | 0 | |a Política para corregidores, y señores de vasallos, en tiempo de paz y de guerra, y para juezes eclesiasticos y seglares y de sacas, aduanas, y de residencias, y sus oficiales: y para regidores, y abogados, y del valor de los corregimientos, y goviernos realengos, y de las ordenes |
| 300 | |a t | ||
| 942 | |c BK | ||
| 945 | |d 19980124 00:00:00 |a cmena | ||
| 260 | |a Madrid |b Instituto de Estudios de Administración Local |c 1978 | ||
| 650 | 7 | |a CORREGIDORES |2 CL-VaPUC |9 344288 | |
| 650 | 0 | |a Administración pública |9 255343 | |
| 650 | 0 | |a Jueces |9 256162 | |
| 650 | 0 | |a Justicia |9 255408 | |
| 650 | 0 | |a Municipalidades |9 255557 | |
| 583 | |a last modification |c 19980124 00:00:00 |k Rodrigo Vera | ||
| 999 | |c 266310 |d 266308 | ||
| 952 | |0 0 |1 0 |4 0 |6 342_068000000000000_CAS_1978 |7 0 |8 DER_HIS |9 297759 |a BIBDER |b BIBDER |d 2019-11-20 |h t.1 |i 1940708 |l 1 |o 342.068 CAS 1978 |p 1940708 |r 2023-01-25 |s 2020-03-19 |w 2019-11-20 |x Ubicación 4to Piso |y BK_X |z Estos recursos deben solicitarse con anticipación |k DER | ||
| 952 | |0 0 |1 0 |4 0 |6 342_068000000000000_CAS_1978 |7 0 |8 DER_HIS |9 297760 |a BIBDER |b BIBDER |d 2019-11-20 |h t.2 |i 1948067 |l 1 |o 342.068 CAS 1978 |p 1948067 |r 2023-01-25 |s 2020-03-19 |w 2019-11-20 |x Ubicación 4to Piso |y BK_X |z Estos recursos deben solicitarse con anticipación |k DER | ||